LEADER 01188nam a2200289 i 4500 001 000000142476 003 CaOOAMICUS 005 20050906000000.0 008 050906s2004 it u000 u ita u 013 $a117832 020 $a88-8353-296-1 040 $aSeMil$bita 100 1 $aMcCarthy, E. Doyle.$0(OLS)http://semarc/name/57184 240 10$aKnowledge as culture.$0(OLS)http://semarc/title/208389 245 13$aLa conoscenza come cultura :$bla nuova sociologia della conoscenza /$cE. Doyle McCarthy. 260 $aRoma :$bMeltemi,$c2004. 300 $a214 p. ;$c19 cm. 490 0 $aMeltemi.edu ;$v8 500 $aContiene : Bibliografia. 650 4$aConoscenza - Sociologia.$0(OLS)http://semarc/subject/8887 830 0$aMeltemi.edu ;$v8.$0(OLS)http://semarc/title/16301 850 $aSeMil 852 $aSeMil$W1$xVenegono$y1$m3N I 549$j95650$B95650$CSeMilBibl$Z2$F102571 $81 961 $aOmaggio: Bressan don Luca 996 $6020$a88-8353-296-1$9(OLS)http://semarc/number/130815 996 $6245$aLa conoscenza come cultura :$bla nuova sociologia della conoscenza$9(OLS)http://semarc/title/208388 996 $6260$aRoma :$bMeltemi$9(OLS)http://semarc/publisher/31774 LEADER 01133nam a2200253 i 4500 001 000000075701 003 CaOOAMICUS 005 20150824000000.0 008 150824s1997 it u000 u ita u 013 $a46873 040 $aSeMil$bita 245 10$aDai poveri si impara /$ca cura di Lorenza Dolazza. 260 $aMilano :$bVita e Pensiero,$ccopyr. 1997. 300 $a206 p. :$bill. ;$c21 cm. 490 0 $aVolontariato, comunità cristiana, istituzioni ;$v3. 500 $aIn appendice, riflessioni conclusive di Federica Dell'Orto e don Gabriele Milani. - In copertina : Fondazione Luigi Moneta. 650 4$aServizio sociale volontario.$0(OLS)http://semarc/subject/6594 700 1 $aDolazza, Lorenza.$0(OLS)http://semarc/name/20213 830 0$aVolontariato, comunità cristiana, istituzioni ;$v3.$0(OLS)http://semarc/title/29225 850 $aSeMil 852 $aSeMil$W1$xVenegono$y1$m3N V 280$j41853$B41853$CSeMilBibl$Z2$F41857 $81 961 $aOmaggio: Donazione 996 $6245$aDai poveri si impara$9(OLS)http://semarc/title/122760 996 $6260$aMilano :$bVita e Pensiero$9(OLS)http://semarc/publisher/29642